000 02582nam a2200337 a 4500
001 C01493133c-3
003 CO-ViMGA
005 20230915233139.0
008 151019s2015 ck a gr 00010 spa d
020 _a9789585823150
040 _aCO-ViMGA
_bspa
_cCO-ViMGA
043 _an-mx---
082 0 4 _a711.40972
_bM39
_221
245 0 0 _aMéxico :
_bcentralidades históricas y proyectos de ciudad /
_cRené Coulomb (coordinador).
250 _aSegunda edición.
260 _aBogotá :
_bOlacchi,
_c2015.
300 _a435 páginas :
_bilustraciones,gráficos ;
_c20 cm.
490 1 _aCentralidades ;
_v2
504 _aIncluye bibliografías.
505 0 0 _aLos centros históricos : {espacios posmodernos? (De choques de imaginarios y otros conflictos) / Daniel Hiernaux -- Usos y desusos en la ciudad vieja-centro histórico de Puebla / Elsa Patiño Tovar -- Confrontación de intereses inmobiliarios en el centro histórico de la ciudad de México / Carlos Morales Schechinger -- La ciudad central : un espacio disputado Emilio Duhau y Angela Giglia -- Ciudades históricas en México : rehabilitación y desarrollo / Salvador Díaz-Berrío Fernández y Alberto Conzález Pozo -- Producción de los centros y formas de acción pública / Patrice Melé -- Modelos financieros para el rescate del centro histórico de la Ciudad de México / Manuel Perló Cohen y Juliette Bonnafé -- El centro histórico de Querétaro : gentrificación light y vida cultural / Carmen Imelda González Gómez -- El centro histórico de Morelia : una buena práctica de revalorización del patrimonio / Luis Felipe Cabrales Barajas -- Nuevos enfoques para el ordenamiento de los centros históricos : El caso de Puebla / Guadalupe Milián Avila -- Construyendo utopías desde el centro / René Coulomb -- Del centro histórico de Tlalpan al centro comerial Cuicuilco : la construcción de la multicentralidad urbana / María Ana Portal Ariosa.
650 1 4 _aUso de la tierra
_z Ciudad de México (México)
_94335
650 1 4 _aDistritos comerciales
_x Planificación
_z Ciudad de México (México)
_94333
650 1 4 _aDistritos comerciales
_x Planificación
_z México.
_94332
650 1 4 _aDISTRITOS HISTORICOS
_z Ciudad de México (México)
_94330
650 1 4 _aDISTRITOS HISTORICOS
_z México.
_94331
650 1 4 _aRehabilitación urbana
_z Ciudad de México (México)
_94334
650 1 4 _aUrbanismo
_x Historia
_z Ciudad de México (México)
_94329
651 2 _aCentro Histórico de Ciudad de México (México)
_94336
700 1 _aCoulomb, René,
_ecoordinador.
_94337
942 _2ddc
999 _c35724
_d35724